000 00653nac a22001931u 4500
020 _a061834599X
035 _a(DLC) 2003109898
082 _a338.5
090 _c2401
_d2401
100 _a20080729
245 1 0 _aMicroeconomics in context /
_cNeva Goodwin ...[et al.]
260 _aBoston, MA :
_bHoughton Mifflin Co.,2005
_c2005.
300 _axxviii,476 p. :
_cill. ;
_b24 cm.
500 _aIncludes index
650 _aMicroeconomics
700 _aNeva, Goodwin
942 _cBB
_k338.5 G6561
999 _c2401
_d2401